| 000 | 00738nam a2200205 a 4500 | ||
|---|---|---|---|
| 001 | 697 | ||
| 003 | CDMR | ||
| 005 | 20131125113953.0 | ||
| 008 | 130130s1991||||||||||||||||||||||||||||d | ||
| 020 | _a8439318472 | ||
| 040 |
_aCDMR _bcat _cCDMR |
||
| 100 | 1 |
_aRuiz Giménez, Joaquín _9537 |
|
| 245 | 1 | 0 |
_aDialèctica de la llibertat de comunicació i el respecte a la intimitat _cJoaquín Ruiz-Giménez |
| 260 |
_aBarcelona _c1991 _bGeneralitat de Catalunya. Centre d'Investigació de la Comunicació |
||
| 300 | _a42 p. | ||
| 500 | _aConferència amb motiu del lliurament dels III Premis a la Investigació sobre Comunicació de Masses | ||
| 650 | 0 | 4 |
_93073 _aLlibertat d'expressió |
| 650 | 0 | 4 |
_9709 _aDret a la intimitat |
| 942 |
_cFULLET _2udc |
||
| 999 |
_c697 _d697 |
||